01520cam a2200265 a 450000500170000000800410001701000170005802000670007503500160014203700130015804000080017110000180017924500620019726000490025927000570030830000540036550000560041950501370047594200170061299900170062995201520064695201520079895201520095095201520110220091121122244.0000504s2000 nik 000 0 eng d aENG-95538-41 a9788131306154 (Set of 4 Vols.)c2800.00 (V. I , II, III, & IV) aEN-79071-74 bDBAD/PUB aDPL aMishra, R, C. aEncyclopaedia of educational psychology cby R.C. Mishra aNew DelhibAPH. Publishing corporationc2009 a4435-36/7 Ansari Road, Darya GanjbNew Delhie110002 a4v (279p. ; 279p. ; 286 p. ; 275p. ) c22 cm.(Hb) aIt is a set of 4 vols. and set price is Rs. 2800.00 aV.- I. Educational Psychology. - V.II Advanced educational Psychology. - V.III Developmental Psychology. - V. IV Child Psychology 2ddccENmMIS c32019d32019 00102ddc3v.- 140718NFICaDBADbDBADd2009-11-21eDBAD / PUBg2800.00l0oMISpEN-79071r2009-11-21 00:00:00t1v2800.00w2009-11-21yENzv.- 1 00102ddc3v.- 240718NFICaDBADbDBADd2009-11-21eDBAD / PUBg2800.00l0oMISpEN-79072r2009-11-21 00:00:00t1v2800.00w2009-11-21yENzv.- 2 00102ddc3v.- 340718NFICaDBADbDBADd2009-11-21eDBAD / PUBg2800.00l0oMISpEN-79073r2009-11-21 00:00:00t1v2800.00w2009-11-21yENzv.- 3 00102ddc3v.- 440718NFICaDBADbDBADd2009-11-21eDBAD / PUBg2800.00l0oMISpEN-79074r2009-11-21 00:00:00t1v2800.00w2009-11-21yENzv.- 4